| 000 | 00000nas 2200000zi 4500 |
| 001 | 9.913812 |
| 003 | CaOODSP |
| 005 | 20251124091249 |
| 006 | m o d f |
| 007 | cr ||||||||||| |
| 008 | 220726c20219999mbcar p o f0###b0fre|d |
| 040 | |aCaOODSP|bfre|erda|cCaOODSP |
| 043 | |an-cn--- |
| 086 | 1 |aNM101-2F-PDF |
| 110 | 2 |aMusée canadien pour les droits de la personne.|eauteur,|eorganisme de publication. |
| 245 | 10|aRapports annuels sur l'administration de la Loi sur l'accès à l'information / |cMusée canadien pour les droits de la personne. |
| 264 | 1|a[Winnipeg, Manitoba] : |bMusée canadien pour les droits de la personne, |c[2021?]- |
| 310 | |aAnnuel |
| 336 | |atexte|btxt|2rdacontent/fre |
| 337 | |ainformatique|bc|2rdamedia/fre |
| 338 | |aressource en ligne|bcr|2rdacarrier/fre |
| 362 | 1 |aParaît depuis : 2021-2021? |
| 500 | |aPublié aussi en anglais sous le titre : Annual report on the administration of the Access to Information Act. |
| 588 | |aDescription d'après : 2020-2021. |
| 588 | |aDernière livraison consultée : 2020-2021. |
| 610 | 26|aMusée canadien pour les droits de la personne|vPériodiques. |
| 610 | 16|aCanada. |tLoi sur l'accès à l'information|vPériodiques. |
| 650 | 6|aLiberteĢ d'information|zCanada|vPériodiques. |
| 655 | 7|aPériodiques|2rvmgf |
| 775 | 08|tAnnual report on the administration of the Access to Information Act / |w(CaOODSP)9.913806 |